| 000 | 00821nam a22002297a 4500 | ||
|---|---|---|---|
| 005 | 20260112165335.0 | ||
| 008 | 260112b ||||| |||| 00| 0 eng d | ||
| 020 | _a0-19-924476-6 | ||
| 040 |
_aCENDOC CAAAP _bspa _cCAAAP |
||
| 041 | _aspa | ||
| 050 |
_aGN 496 _b.R64 |
||
| 100 | 1 |
_95784 _aRival Laura M. |
|
| 245 | 1 |
_aBeyond the Visible and the Material : _bThe Amerindianization of Society in the Work of Peter Rivière / _cLaura M. Rival y Neil. L Whitehead [editor] |
|
| 250 | _a1ra edición | ||
| 260 |
_aNew York, Estados Unidos : _bOxford University Press, _c2001. |
||
| 300 |
_a301 páginas : _bfotografias, _c24 x 16 cm |
||
| 650 | 0 |
_9688 _aEtnología |
|
| 650 | 0 |
_9191 _aAntropología Social y Cultural |
|
| 650 | 0 |
_94 _aPueblos Indígenas |
|
| 700 | 1 |
_95785 _aWhitehead Neil. L |
|
| 942 |
_2lcc _bDD - MM - AA _cBK |
||
| 999 |
_c4334 _d4334 |
||